00427nam a2200121Ia 4500008004100000041000800041080003600049245015900085260000900244300001000253003000900263040003300272180921t1986 xxu||||| ||||o00| 0 eng d aeng aActs Of Sri Lanka Nos.1-45 1986 aActs of Sri Lanka : Parliment of The Democratic Socialist Republic of Sri Lanka Sri Lanka United Malay organisation ( Incorporation ) Act, No.17 of 1986 c1986 a23 cmLK-CoDNM aLK-CoDNMdLK-CoDNMeLK-CoDNM